000 00651nam a2200157Ia 4500
008 160316s1995 xxu||||| |||| 00| 0 eng d
082 _a363.800000
_bUNI
100 _a
245 _aThe progress of India states A report on the achievements of Indian states in child survival, health, nutrition, family planning, maternal mortality, primary education, gender equity, child labour - marking the progress towards India's goals for children
250 _a
260 _aNew Delhi
_bUNICEF
_c1995
300 _a74
_b
_c
365 _b
650 _a1. child survival 2. health 3. nutrition 4. family palling 5. education 6. child labour
700 _a
_a
999 _c33537
_d33537